MDQL
is popping MORE tags! Check the
thread
!
Quizzes
Events
Quiz Creation
Community
Videos
Private Events
Remove Ads
Sign In
Join for FREE
Feedback
Dark Mode
Quiz Categories
Sports
Geography
Music
Movies
Television
Just For Fun
Miscellaneous
History
Literature
Language
Science
Gaming
Entertainment
Religion
Holiday
For Kids
Quiz Lab
Recent
Popular Today
Quiz Kudos Today
Editor Picks
Curator Picks
Quizzes by...
Day
Popularity
Type
Ratings
Length
Year
Community
Subscriptions
Recent Discussions
Orange Saloon
Badges
Playlists
Quests
Create
Leaderboards
Showdown
Live 5
Trivia Bingo
Activity
Puzzle Library
Sporcle Events
Private Events
Virtual Trivia
Globe League
Become a Host
Pub Owners
SporcleCon
Opinionation
Our Games
Videos
Blog
Mobile Apps
Partnerships
Remove Ads and Go Orange
Feedback
Television
TV Characters
TV Show
Sitcom
Network
Friends
Reality Shows
Cast
South Park
Star Trek
The Simpsons
Doctor Who
Television
TV Characters
TV Show
Sitcom
Network
Friends
Reality Shows
Cast
South Park
Star Trek
The Simpsons
Doctor Who
Random Quiz
Search Sporcle
×
Quiz Lab
Quiz Lab
Television
TV Show
Type in answers that appear in a list
Type in answers that appear in a list
Classic
Best Score? Go Orange.
The dumping ground episodes Stats
Can you name the the dumping ground episodes in order?
By
Princess10
7m
13 Questions
677 Plays
677 Plays
677 Plays
Comments
Comments
Give Quiz Kudos
Give Quiz Kudos
-
- Ratings
hide this ad
More Info
Forced Order
Answers have to be entered in order
Answers have to be entered in order
Random Order
Randomize order of answers
Randomize order of answers
Replay
Link that replays current quiz
Next Quiz
Link to next quiz in quiz playlist
You Got
0%
They Got
Avg Score
58%
Avg Friend Score
Upgrade to see
Score Distribution
Jump to the score distribution portion of the page
Score
0/13
Timer
07:00
0
Plays Today
clue
episode name
% Correct
Lily's dad falls in love with a lady called Shannay and Lily falls out with her. Then Shannay goes into labour and Lily thinks it is all her fault...
Baby
73.6%
Carmen and Lily are out shopping when they see a girl getting mugged. She seems to be quite a rich girl and Carmen takes a shine to her. Lily invites her back to dumping ground and
Esme
71.5%
A new boy comes to the DG and then appears to like Tee. She likes him at first but then goes off him and causes an accident that puts Mo in hospital...
Oh Mo!
68.2%
Carmen and Tyler go and visit Jody in her new home to find that she isn't happy. Her brother keeps locking her in her bedroom so Jodie runs away to the DG...
SOS
66.2%
Mike goes on holiday and the kids find grenades, then Gina gets blown off her feet by one...
Home alone
61.7%
Mike takes all of the children on a day out to an old house. Each of the kids take on the roles of people from Edwardian times...
A day in the past
61.7%
Two women called Ronnie and Dawn come to the DG hopoing to foster Gus. Meanwhile the kids all have a massive argument over gay people...
What would gus want
61.4%
Rick's dad turns up pretending to be the boiler man. He seems to have great plans of taking him away to New Zealand...
Dreamland
57.9%
Faith is entered into a marathon run but then police turn up wanting to see her. They think they have found the body of her brother so she goes off for a dna test...
The real Faith Davis
52%
One of Tyler's practical jokes goes wrong and it ends up that Elektra breaks Ricks precious records. Everyone is upset with Tyler and he begins to think he needs to change...
Seriously funny
52%
The kids run out of money and Faith sends Frank and Tyler to by the food with the rations they have. They end up gambling the money so Elektra takes Johnny's money...
Liberty in the DG
45.5%
Mo has an egg and he wakes up one morning to find that it has hatched. Everyone spends ages looking for it until Johnny finds something lurking under his bed...
Scary beasts
44%
Frank gets the results for his school exams and the results aren't good. He decides that he is done with school and goes to find a job else where...
The truth is out there
41.5%
Quiz Playlist
Details
Report
Send in Message
Add To Playlist
More Info:
THE EPISODES ARE NOT IN ORDER! read the clues to find out what happened in the episode to work out which one it is.
Classic:
Type in answers that appear in a list
Forced Order:
Answers have to be entered in order
Random Order:
Randomize order of answers
Last Updated: Feb 16, 2017
Quiz Scoreboard
CHALLENGE
Sign Up to Join the Scoreboard
Show All
Scores
Hide
Comments
May contain spoilers
Recently Published
Holiday 10x10 Sorting Gallery
by lukepisani3
Holiday
15m
Two Season TV Shows II
by 123Four
Television
10m
Image Sorting: Flags VI
by Barbecue
Geography
2m
More to Explore
Quiz From the Vault
Featured Blog Post
14 Easter Pick-up Lines to Find Eggs With
hide this ad
You Might Also Like...
Tags
TV Show Quiz
care
cbbc
Childrens TV
Family
Tracy Beaker
Today's Top Quizzes in Television
Browse Television
hide this ad
Today's Top Quizzes in TV Show
Browse TV Show
Top Contributed Quizzes in Television
1
Survivor Journey Challenge
2
Even More Two Season TV Shows
3
Adjectives in 00s TV Shows
4
Brooklyn Nine Nine Logic Puzzle (How-To-Play)
5
Adjectives in 10s TV Shows
6
Click the SpongeBob Episodes (Season 3)
7
Even More Three Season TV Shows
8
Survivor Logic Puzzle: Heroes vs. Villains
9
Total Drama Characters
10
Survivor Heroes vs. Villains Logic Puzzle
Explore More
Trending Topics
Crossword
Disney
Anime
Harry Potter
Marvel
Kpop
NBA
Pokémon
Country
The Office
WWE
Puzzle
Song
NFL
Soccer
hide this ad
More By:
Princess10
Quiz
Plays
Rating
Category
Featured
Created
Tracy beaker Returns Characters
12,556
3.00
Television
Feb 28, 2011
Jacqueline wilson characters
3,600
3.33
Literature
Feb 28, 2011
Charactors in Both the Alvin and the chipmunks movies
857
3.00
Movies
Apr 13, 2011
A-Z of Jacqueline Wilson
684
3.25
Literature
Aug 7, 2014
the dumping ground episodes
677
Television
Jun 23, 2013
Go to Creator's Profile
Score Distribution
Quiz Creator Spotlight
Princess10
Follow
Send a Message
Quizzes Created
-
Created Quiz Play Count
-
More By This Creator
Popular Quizzes Today
1
Find the US States - No Outlines Minefield
2
Colored Red Africa Blitz
3
Find the 'City' Movie
4
The Countries of the World
5
5x2 Blitz: Bands
6
Find the Countries of Europe - No Outlines Minefield
7
Find the US States
8
US States
More Television Quizzes
Acrostic Roseanne
Quiz Lab
Trending Quizzes
Colored Red Europe Blitz I
Colored Red Africa Blitz II
Colored Red Europe Blitz II
Even More Two Season TV Shows
Colored Red Africa Blitz III
Recently Updated
Odd Team Out - Big 4 Players
pecheneg
Quick Pick: 20 Twenties
pecheneg
March Madness Men's Triple Doubles
pecheneg
How Do You Spell That?
pecheneg
Godzilla Movies
pecheneg
Grab Bag: 4-10 Letters
pecheneg
2024 March Madness Bracket
pecheneg
Famous TV Couples
Peacemaker
Champions League XIs: Real Madrid
pecheneg
Largest US Cities 1790-2010
pecheneg
Trending Topics
Marvel
Kpop
Disney
Crossword
Anime
NBA
Harry Potter
The Office
NFL
Soccer
Pokémon
WWE
Country
Puzzle
Song
Your Account Isn't Verified!
In order to create a playlist on Sporcle, you need to verify the email address you used during registration. Go to your
Sporcle Settings
to finish the process.
Report this User
Report this user for behavior that violates our
Community Guidelines
.
Details:
Send Report
Go to the Sporcle.com Mobile Site →
Comments